1500 gyorssegély-utalványt hamisítottak a népjóléti panama tettesei befejezték a vizsgálatot
Elmentve itt :
| Dokumentumtípus: | Cikk |
|---|---|
| Megjelent: |
1934-01-10
|
| Sorozat: | Délmagyarország
10 No. 6 |
| Kulcsszavak: | Vádemelés 1934 Szeged |
| Online Access: | http://dmarchiv.bibl.u-szeged.hu/48195 |
| LEADER | 00481nab a2200145 i 4500 | ||
|---|---|---|---|
| 001 | delm48195 | ||
| 005 | 20180927134908.0 | ||
| 008 | 180927s1934 hu o 0|| hun d | ||
| 040 | |a SZTE Délmagyarország Archívum |b hun | ||
| 041 | |a hun | ||
| 245 | 0 | 0 | |a 1500 gyorssegély-utalványt hamisítottak a népjóléti panama tettesei |h [elektronikus dokumentum] : |b befejezték a vizsgálatot |
| 260 | |c 1934-01-10 | ||
| 300 | |a 2 | ||
| 490 | 0 | |a Délmagyarország |v 10 No. 6 | |
| 695 | |a Vádemelés 1934 Szeged | ||